01064nam a22001577a 4500999001900000008004100019100003500060245012500095260003200220300003000252520045700282773003200739906002300771942000700794952010500801 c526773d526773240624b ||||| |||| 00| 0 eng d aMüller, Ralf et al 955141 aArtificial intelligence and project management: Empirical overview, state of the art, and guidelines for future research aProject Management Journal  a55(1), Feb, 2024: p. 9-15 aDesk rejections of artificial intelligence (AI)–related submissions to the Project Management Journal® (PMJ) are high. This article provides an overview and state-of-the-art snapshot on academic and practitioner work to derive at potential future research topics and guidelines on the execution and reporting of AI-related studies in project management.- Reproduced https://journals.sagepub.com/doi/full/10.1177/87569728231225198#tab-contributors  aProject Management Journal  aPROJECT MANAGEMENT cAR 00102ddc40709401860aIIPAbIIPAd2024-06-24h55(1), Feb, 2024: p. 9-15pAR132348r2024-06-24yAR